Missing Word: Classic Rock II Quiz Stats

 Plays Quiz Updated Dec 20, 2017

Challenge
Share
Tweet
Embed
Score 0/20 Timer 02:00
0 Plays Today
Artist Missing Word % Correct
Rolling StonesSatisfaction
95.1%
Rolling StonesAlways
93.2%
Rolling StonesTonk
91.8%
KISSNite
88.5%
Deep PurpleSmoke
78.5%
KISSYou
76.3%
Rolling StonesUp
75.3%
KISSHotter
57.5%
KISSDetroit
50.8%
Black SabbathIron
49.9%
Artist Missing Word % Correct
Black SabbathPigs
36.1%
Rolling StonesHorses
35.4%
Black SabbathSabbath
29.5%
Deep PurpleStar
21%
KISSGun
18.1%
Deep PurpleTokyo
15.9%
Deep PurpleSpace
12.6%
Black SabbathLeaf
10.3%
Black SabbathGrave
9.4%
Deep PurpleStrangers
5.9%

Today's Daily Dose

You're not logged in!

Compare scores with friends on all Sporcle quizzes.
OR
Log In

You Might Also Like...

Show Comments

Extras

Top Quizzes Today


Score Distribution

Your Account Isn't Verified!

In order to create a playlist on Sporcle, you need to verify the email address you used during registration. Go to your Sporcle Settings to finish the process.

Report this User

Report this user for behavior that violates our Community Guidelines.

Details: